书目信息 |
| 题名: |
农业科学学科发展报告
|
|
| 作者: | ;中国科学技术协会 主编 ;中国农学会 编著 | |
| 分册: | ||
| 出版信息: | 北京 中国科学技术出版社 2009.04 |
|
| 页数: | 158页 | |
| 开本: | 26cm | |
| 丛书名: | ||
| 单 册: | ||
| 中图分类: | S-12 , S3-12 | |
| 科图分类: | ||
| 主题词: | 农业技术--技术现状--进展--研究报告--中国--2008~2009--中国 , 农学--进展--研究报告--中国--2008~2009 , 农业技术--技术现状--中国 , 农学 , 农业技术--技术现状--中国 , 农业技术--概况--中国 | |
| 电子资源: | ||
| ISBN: | 978-7-5046-4949-2 | |
| 000 | 01342nam0 22003611 450 | |
| 001 | 004173989 | |
| 005 | 20110113175622.0 | |
| 010 | @a978-7-5046-4949-2@dCNY32.00 | |
| 100 | @a20090608d2009 em y0chiy50 ea | |
| 101 | 0 | @achi@deng@eeng |
| 102 | @aCN@b110000 | |
| 105 | @ay z 000yy | |
| 200 | 1 | @a农业科学学科发展报告@Anong ye ke xue xue ke fa zhan bao gao@e基础农学@f中国科学技术协会主编@g中国农学会编著 |
| 210 | @a北京@c中国科学技术出版社@d2009.04 | |
| 215 | @a158页@d26cm | |
| 300 | @a中国科协学科发展研究系列报告(2008-2009) | |
| 304 | @a英文分册题名:Report on advances in basic agronomy | |
| 330 | @a本书分为综合报告和专题报告两部分。全书收录了有关基础农学学科发展的现状研究以及对其的未来展望。 | |
| 510 | 1 | @aReport on advances in basic agronomy@zeng |
| 517 | 1 | @a基础农学@Aji chu nong xue |
| 606 | 0 | @a农业技术@x技术现状@x进展@x研究报告@y中国@z2008~2009@x中国 |
| 606 | 0 | @a农学@x进展@x研究报告@y中国@z2008~2009 |
| 606 | 0 | @a农业技术@x技术现状@x中国 |
| 606 | 0 | @a农学 |
| 606 | 0 | @a农业技术@x技术现状@x中国 |
| 606 | 0 | @a农业技术@x概况@x中国 |
| 690 | @aS-12@v5 | |
| 690 | @aS3-12@v4 | |
| 711 | 0 | @a中国科学技术协会@Azhong guo ke xue ji shu xie hui@4主编 |
| 712 | 0 | @a中国农学会@Azhong guo nong xue hui@4编著 |
| 801 | 0 | @aCN@bxiyuan@c20100624 |
| 905 | @aBZT@dS-12@e1 | |
| 906 | @dCNY32.00@n0@r1 | |
| 农业科学学科发展报告:基础农学/中国科学技术协会主编/中国农学会编著.-北京:中国科学技术出版社,2009.04 |
| 158页;26cm |
| 中国科协学科发展研究系列报告(2008-2009) |
| ISBN 978-7-5046-4949-2:CNY32.00 |
| 本书分为综合报告和专题报告两部分。全书收录了有关基础农学学科发展的现状研究以及对其的未来展望。 |
| ● |
| 相关链接 |
|
|
|
正题名:农业科学学科发展报告
索取号:S-12/1
 
预约/预借
| 序号 | 登录号 | 条形码 | 馆藏地/架位号 | 状态 | 备注 |
| 1 | 758573 | 2000758573 | 中心书库中库/ 中库033架B面1列3层56/ [索取号:S-12/1] | 在馆 | |
| 2 | 758574 | 2000758574 | 中心书库中库/ 中库033架B面1列3层59/ [索取号:S-12/1] | 在馆 | |
| 3 | 758575 | 2000758575 | 中心书库中库/ 中库033架B面1列3层55/ [索取号:S-12/1] | 在馆 | |
| 4 | 758576 | 2000758576 | 中心书库中库/ 中库033架B面1列3层60/ [索取号:S-12/1] | 在馆 | |
| 5 | 758577 | 2000758577 | 中心书库中库/ 中库033架B面1列3层57/ [索取号:S-12/1] | 在馆 | |
| 6 | 758578 | 2000758578 | 中心书库中库/ 中库033架B面1列3层58/ [索取号:S-12/1] | 在馆 |